Movies Quiz

Random Movies Quiz

Movie by Creepy Chimerical Face Quiz Stats

 Plays Quiz not verified by Sporcle

Score 0/30 Timer 10:00
0 Plays Today
% Correct
Snow White and the Seven Dwarfs
95.7%
The Godfather
94.4%
The Empire Strikes Back
94.2%
Shawshank Redemption
93.3%
Saving Private Ryan
92.4%
Rain Man
91.7%
The Sound of Music
89.7%
Titanic
88.5%
Casablanca
86.6%
When Harry Met Sally
85.8%
The Devil Wears Prada
80.6%
Coming to America
79.3%
Rear Window
76.7%
The Rocky Horror Picture Show
76.2%
Some Like it Hot
73.4%
% Correct
Patton
72.1%
Dances with Wolves
70.4%
Fight Club
69.7%
12 Years a Slave
67.4%
The Lord of the Rings: The Fellowship of the Ring
67.2%
Eternal Sunshine of the Spotless Mind
66.9%
Slumdog Millionaire
64.7%
Gandhi
54.8%
Rosemary's Baby
54.1%
Cool Hand Luke
46.7%
The Ides of March
46.6%
Amelie
45.4%
City Lights
39.7%
The Treasure of the Sierra Madre
36.3%
Who's Afraid of Virginia Woolf?
27.1%

You're not logged in!

Compare scores with friends on all Sporcle quizzes.
OR
Log In

Show Comments

Extras

Created Feb 24, 2014Editor PickedReportNominate
Tags:face, Slideshow

Top Quizzes Today


Score Distribution

Your Account Isn't Verified!

In order to create a playlist on Sporcle, you need to verify the email address you used during registration. Go to your Sporcle Settings to finish the process.

Report this User

Report this user for behavior that violates our Community Guidelines.

Details: